|
|
|
|
| LEADER |
00000nam a2200000 a 4500 |
| 001 |
vtls008366416 |
| 003 |
SK-MaSNL |
| 005 |
20260302074558.0 |
| 008 |
251001s1922 xo g 000 d slo |
| 015 |
|
|
|a SNBA19191938-001278
|
| 020 |
|
|
|q (brož.)
|
| 035 |
|
|
|a SK01SNKBSKHR20020058633
|
| 035 |
|
|
|a urn:nbn:sk:snk-am3hnlk
|
| 035 |
|
|
|a 112F2A30-1A8B-4B64-8850-BB6FC197A6E2
|
| 035 |
|
|
|a urn:nbn:sk:snk-am00cw3m
|
| 035 |
|
|
|a SKM000061096
|
| 040 |
|
|
|a SNK
|b slo
|c SNK
|e AACR2
|
| 041 |
1 |
|
|a slo
|h [cze]
|
| 044 |
|
|
|a xo
|c SK
|
| 072 |
|
7 |
|a 821.162.3
|x Česká literatúra
|2 konspekt
|
| 080 |
|
|
|a 885.0-2
|2 1981
|
| 080 |
|
|
|a 821.162.3-2
|2 2011
|
| 080 |
|
|
|a (0:82-2)
|2 2011
|
| 100 |
1 |
|
|a Cejpek, Jan,
|d 1895-1965
|4 aut
|9 202634
|
| 245 |
1 |
0 |
|a Simeon
|b biblická hra v 3 dejstvách
|c J. Cejpek ; s povolením autorovým preložil Karol B. Žeko
|
| 260 |
|
|
|a Ružomberok
|b Lev
|c 1922
|e Ružomberok
|f Lev
|
| 300 |
|
|
|a 62 s.
|c 15 cm
|
| 490 |
1 |
|
|a Ľudové divadlo
|v zv. 24
|
| 655 |
|
7 |
|a české drámy
|2 SNKPH
|9 82491
|
| 655 |
|
7 |
|a Czech drama
|2 SNKPHeng
|9 297799
|
| 655 |
|
7 |
|a divadelné hry
|2 SNKPH
|9 70577
|
| 655 |
|
7 |
|a Theatre plays
|2 SNKPHeng
|9 278336
|
| 700 |
1 |
|
|a Žeko, Karol Bernard,
|d 1867-1947
|4 trl
|9 68676
|
| 830 |
|
0 |
|a Ľudové divadlo
|9 308850
|
| 852 |
|
|
|a Slovenská národná knižnica
|
| 954 |
|
|
|a beletria cudzojazyčná (svetová)
|2 lita
|
| 958 |
|
|
|a EUIPO
|
| 958 |
|
|
|a OND
|
| 958 |
|
|
|a TL
|
| 958 |
|
|
|a LX
|
| 958 |
|
|
|a UP
|
| 968 |
|
|
|a SLO
|b ČES
|
| 999 |
|
|
|c 1165586
|d 1167516
|
| 952 |
|
|
|a SNK
|b SNK
|y PREZ
|7 0
|p 17A0731118
|o snkSE 92/24
|i snk564/28
|0 0
|1 0
|4 0
|d 2017-06-01
|f 1
|l 0
|r 2026-02-24 20:47:34
|w 2026-02-24
|
| 952 |
|
|
|a SNK
|b SNK
|y VYP
|7 0
|p 17A1187778
|o snkSE 92/24 D1
|i snkD 2566/61
|8 1
|0 0
|1 0
|4 0
|d 2017-06-10
|l 0
|r 2026-02-24 20:47:34
|w 2026-02-24
|
| 952 |
|
|
|a SNK
|b SNK
|y VYP
|7 0
|p 17A1187779
|o snkSE 92/24 D2
|i snkD 285/74
|8 1
|0 0
|1 0
|4 0
|d 2017-06-10
|l 0
|r 2026-02-24 20:47:34
|w 2026-02-24
|
| 952 |
|
|
|a SNK
|b SNK
|y VYP
|7 0
|p 17A1187768
|o snkSE 92/24 D3
|i snkD 286/74
|8 1
|0 0
|1 0
|4 0
|d 2017-06-10
|l 0
|r 2026-02-24 20:47:34
|w 2026-02-24
|